Statistics for Basic Tempo Markings

Click here to take the quiz!

General Stats

  • This quiz has been taken 9 times
  • The average score is 12 of 20

Answer Stats

BPMTempo Marking% Correct
109–132Allegro
100%
73–77Andante
88%
177+Prestissimo
88%
167–177Presto
88%
55–65Adagio
75%
98–109Allegretto
75%
20-40Grave
75%
40–45Lento
75%
86–97Moderato
75%
132–140Vivace
75%
45–50Largo
63%
65–69Adagietto
50%
78–83Andantino
50%
50–55Larghetto
50%
<20Larghissimo
38%
140–150Vivacissimo
38%
150–167Allegrissimo
25%
116–120Allegro Moderato
13%
69–72Andante moderato
13%
83–85Marcia moderato
13%

Score Distribution

Percentile by Number Answered

Percent of People with Each Score

Your Score History

You have not taken this quiz